| 000 | 00709nam a22002057a 4500 | ||
|---|---|---|---|
| 005 | 20240530110958.0 | ||
| 008 | 221204s1991 au a f b 000 0 eng d | ||
| 040 |
_aEG-CaGPL _cEG-CaGPL |
||
| 082 | 0 | 4 |
_221 _a624.177 _bع د |
| 100 | 0 | _aعماد درويش | |
| 245 | 1 | 0 |
_aتصميم الابنية العالية لمقاومة الرياح / _cتاليف عماد درويش |
| 250 | _aط.1 | ||
| 260 |
_aدمشق : _bدار الفاروق للاستثمارات الثقافية، _c2007 |
||
| 300 |
_a311 ص. ؛ _c24 سم. |
||
| 650 | 0 | 7 |
_2qrmak _aالانشاءات |
| 650 | 0 | 7 | _aالعمارة - تصميمات |
| 651 | _2qrmak | ||
| 942 |
_2ddc _cBK |
||
| 999 |
_c67124 _d67124 |
||